[Event "Weekend Accademia Inverno"]
[Site "Roma ITA"]
[Date "2010.02.14"]
[Round "5"]
[White "Stoyko, Maksym"]
[Black "Vuelban, Virgilio"]
[Result "1-0"]
[WhiteElo "2152"]
[BlackElo "2353"]
[PlyCount "105"]
[EventDate "2010.02.12"]

1. d4 Nf6 2. c4 g6 3. Nc3 Bg7 4. e4 d6 5. f3 O-O 6. Bg5 c5 7. d5 e6 8. Qd2 exd5
9. Nxd5 Nc6 10. Bd3 Be6 11. Ne2 Bxd5 12. cxd5 Ne5 13. Nc3 a6 14. Be2 b5 15. Rc1
Qa5 16. b3 Rfe8 17. O-O Rac8 18. Rfe1 c4 19. Nd1 Qxd2 20. Bxd2 cxb3 21. axb3
Rxc1 22. Bxc1 Rc8 23. Ba3 Bf8 24. Nf2 g5 25. Rc1 Rxc1+ 26. Bxc1 h6 27. Nd1 Nfd7
28. b4 Nb6 29. Ne3 f6 30. Bb2 Kf7 31. Kf2 Kg6 32. Bd4 Nc8 33. g3 Be7 34. f4 Nd7
35. Bg4 Ncb6 36. h4 Bf8 37. h5+ Kf7 38. Be6+ Ke8 39. Kf3 Be7 40. Kg4 gxf4 41.
gxf4 Nc4 42. Nxc4 bxc4 43. Bxd7+ Kxd7 44. Kf5 Bd8 45. Bc3 Be7 46. Kg6 Ke8 47.
Kg7 Bd8 48. f5 Be7 49. Bd2 Bd8 50. Bxh6 c3 51. Bc1 Be7 52. h6 Bf8+ 53. Kxf6 1-0

[Event "Weekend Accademia Inverno"]
[Site "Roma ITA"]
[Date "2010.02.14"]
[Round "5"]
[White "Tomassetti, Giuseppe"]
[Black "Maurizio, Antonio"]
[Result "0-1"]
[WhiteElo "1704"]
[BlackElo "1449"]
[PlyCount "94"]
[EventDate "2010.02.12"]

1. e4 e6 2. d4 d5 3. Nc3 Nf6 4. Bg5 Be7 5. e5 Nfd7 6. Bxe7 Qxe7 7. f4 O-O 8.
Nf3 c5 9. Be2 Nc6 10. O-O a6 11. a4 b6 12. Kh1 Bb7 13. Bd3 g6 14. Be2 Rac8 15.
Nb1 cxd4 16. Na3 Nc5 17. Nxd4 Nxa4 18. Nxc6 Rxc6 19. Qd4 Nc5 20. Qb4 b5 21. Bf3
Rc7 22. b3 Rfc8 23. c4 bxc4 24. bxc4 Nd3 25. Qxe7 Rxe7 26. cxd5 exd5 27. g3 Nc5
28. Rac1 Rec7 29. Kg2 Ne6 30. Rxc7 Rxc7 31. Rf2 Nd4 32. Bd1 Nf5 33. Bf3 Ne3+
34. Kh3 Bc8+ 35. Kh4 Nf5+ 36. Kh3 d4 37. g4 Ne3 38. Rd2 h5 39. Be2 Rc3 40. Nb1
Rb3 41. Bd3 hxg4+ 42. Kh4 a5 43. Kg5 Kg7 44. Be4 Nf1 45. Rxd4 Rh3 46. f5 Rh5+
47. Kf4 Bxf5 0-1

[Event "C.to Provinciale SV"]
[Site "Savona ITA"]
[Date "2010.02.12"]
[Round "1"]
[White "Christen, Peter Walter"]
[Black "Nikolajevic, Tihomir"]
[Result "0-1"]
[WhiteElo "1526"]
[BlackElo "1905"]
[PlyCount "104"]
[EventDate "2010.02.12"]

1. e4 c5 2. Na3 Nc6 3. Bb5 Qc7 4. c3 a6 5. Bxc6 Qxc6 6. d3 d6 7. f4 g6 8. Nf3
Bg7 9. O-O Bg4 10. Nc2 Rc8 11. Ne3 Bxf3 12. Qxf3 e6 13. f5 exf5 14. exf5 Qxf3
15. Rxf3 Nf6 16. Nc4 O-O 17. Nxd6 Rc7 18. fxg6 hxg6 19. Bh6 Bxh6 20. Rxf6 Be3+
21. Kf1 Bg5 22. Rf3 Be7 23. Ne4 Kg7 24. Rd1 Rd8 25. Nf2 b6 26. c4 Bf6 27. b3
Rcd7 28. h3 Re8 29. Re1 Red8 30. Rd1 Bd4 31. Rd2 Bc3 32. Rc2 Bd4 33. Rd2 b5 34.
g4 b4 35. Rd1 a5 36. Rd2 a4 37. bxa4 Ra8 38. Ne4 Rxa4 39. Rg3 Rda7 40. Rgg2 f6
41. Rge2 R4a6 42. Nf2 Kf7 43. Rc2 Ra3 44. Nd1 Rxd3 45. Nf2 Rf3 46. Kg2 Rc3 47.
Nd1 Rxc2 48. Rxc2 Ra3 49. Re2 Rd3 50. Nf2 Bxf2 51. Rxf2 Rc3 52. Rf4 Rc2+ 0-1

[Event "C.to Provinciale SV"]
[Site "Savona ITA"]
[Date "2010.02.12"]
[Round "1"]
[White "Cotugno, Michele"]
[Black "Lupini, Stefano"]
[Result "1-0"]
[WhiteElo "1683"]
[BlackElo "1936"]
[PlyCount "113"]
[EventDate "2010.02.12"]

1. Nf3 Nf6 2. g3 c5 3. Bg2 Nc6 4. O-O g6 5. d4 cxd4 6. Nxd4 Bg7 7. c3 O-O 8.
Na3 d5 9. Re1 e5 10. Nxc6 bxc6 11. Bg5 Qb6 12. Bxf6 Bxf6 13. Qc2 Rb8 14. e4 Be6
15. Rab1 Bg7 16. c4 d4 17. Qd3 c5 18. Re2 f5 19. Rf1 f4 20. gxf4 Rxf4 21. f3
Rbf8 22. Nb1 Qd8 23. Nd2 Qg5 24. Nb3 Rc8 25. Nc1 h5 26. b3 h4 27. Kf2 h3 28.
Bh1 Qh4+ 29. Kg1 Rcf8 30. Ree1 Bh6 31. Qe2 R4f7 32. Qf2 Be3 33. Rxe3 Qxf2+ 34.
Kxf2 dxe3+ 35. Kxe3 Bg4 36. Nd3 Re7 37. Nxc5 g5 38. Rg1 Bc8 39. Rxg5+ Rg7 40.
Rxg7+ Kxg7 41. Nd3 Kf6 42. f4 exf4+ 43. Nxf4 Kg5 44. Ne2 Rf1 45. Bf3 Ra1 46. a4
Rb1 47. Nd4 Rb2 48. Be2 Bg4 49. Bxg4 Kxg4 50. e5 Kg5 51. c5 Rxh2 52. Nf3+ Kf5
53. Nxh2 Kxe5 54. c6 Kd6 55. Kd4 a5 56. c7 Kxc7 57. Kc5 1-0

[Event "C.to Provinciale SV"]
[Site "Savona ITA"]
[Date "2010.02.12"]
[Round "1"]
[White "Damele, Stefano"]
[Black "Bruzzone, Carlo"]
[Result "1/2-1/2"]
[WhiteElo "1945"]
[BlackElo "1726"]
[PlyCount "41"]
[EventDate "2010.02.12"]

1. d4 Nf6 2. c4 e5 3. dxe5 Ng4 4. Nf3 Nc6 5. a3 Ngxe5 6. e3 d6 7. Be2 g6 8. Nc3
Bg7 9. Bd2 Be6 10. Nd5 Nxf3+ 11. Bxf3 Ne5 12. Be2 c6 13. Nf4 Bxc4 14. Bc3 Bxe2
15. Qxe2 O-O 16. O-O d5 17. Rfd1 Qc7 18. Rac1 Rad8 19. Bb4 Rfe8 20. Nxd5 Qb8
21. Nf4 1/2-1/2

[Event "C.to Provinciale SV"]
[Site "Savona ITA"]
[Date "2010.02.12"]
[Round "1"]
[White "Ivaldo, Fabrizio"]
[Black "Petronelli, Adriano"]
[Result "1-0"]
[WhiteElo "1920"]
[BlackElo "1646"]
[PlyCount "55"]
[EventDate "2010.02.12"]

1. e4 d6 2. d4 Nf6 3. Nc3 g6 4. Bg5 Bg7 5. f4 c6 6. Nf3 O-O 7. Be2 b5 8. e5 Ne8
9. O-O Qc7 10. h3 f6 11. Bh4 Bh6 12. Nh2 Ng7 13. Ng4 Bxg4 14. Bxg4 fxe5 15.
dxe5 Bxf4 16. Nd5 cxd5 17. Qxd5+ Kh8 18. Qxa8 Nd7 19. Qe4 Nc5 20. Rxf4 Rxf4 21.
Qa8+ Ne8 22. Qxe8+ Kg7 23. Qxe7+ Qxe7 24. Bxe7 Ne4 25. exd6 Kf7 26. Rf1 Rxf1+
27. Kxf1 Ke8 28. Bf3 1-0

[Event "C.to Provinciale SV"]
[Site "Savona ITA"]
[Date "2010.02.12"]
[Round "1"]
[White "Mercandelli, Claudio"]
[Black "Castellano, Adriano"]
[Result "1-0"]
[WhiteElo "1894"]
[BlackElo "1506"]
[PlyCount "109"]
[EventDate "2010.02.12"]

1. Nf3 Nf6 2. c4 e6 3. g3 Be7 4. Bg2 c6 5. O-O O-O 6. b3 d5 7. Bb2 Nbd7 8. d3
Rb8 9. Nbd2 Bc5 10. Qc2 Re8 11. d4 Be7 12. h3 b6 13. Ne5 Bb7 14. Rac1 Bd6 15.
cxd5 exd5 16. Nxc6 Bxc6 17. Qxc6 Bb4 18. Nf3 Rxe2 19. Rc2 Rxc2 20. Qxc2 Ne4 21.
Rc1 Ndf6 22. Ne5 Qe8 23. Nc6 Bd2 24. Nxb8 Bxc1 25. Bxc1 Qxb8 26. Bf4 Qd8 27.
Qc6 h6 28. Qc7 Qxc7 29. Bxc7 Nc3 30. Be5 Nxa2 31. Bxf6 gxf6 32. Bxd5 Nb4 33.
Be4 Kf8 34. f4 Ke7 35. Kf2 Kd6 36. Ke3 Nd5+ 37. Kd3 Nb4+ 38. Kc4 a5 39. Kb5 Kc7
40. g4 Na2 41. Kc4 Nb4 42. h4 Nc6 43. Bxc6 Kxc6 44. d5+ Kd6 45. Kb5 Kxd5 46.
Kxb6 Ke4 47. Kxa5 Kxf4 48. b4 f5 49. gxf5 Kxf5 50. b5 Ke6 51. b6 Kd7 52. Ka6
Kc8 53. Ka7 f5 54. b7+ Kd7 55. b8=Q 1-0

[Event "C.to Provinciale SV"]
[Site "Savona ITA"]
[Date "2010.02.12"]
[Round "1"]
[White "Mirata, Danilo"]
[Black "Gioseffi, Massimiliano"]
[Result "0-1"]
[WhiteElo "1789"]
[BlackElo "2121"]
[PlyCount "40"]
[EventDate "2010.02.12"]

1. d4 Nf6 2. c4 e6 3. Nc3 Bb4 4. Bd2 b6 5. e3 Bb7 6. Nf3 O-O 7. Bd3 d5 8. cxd5
exd5 9. a3 Bd6 10. Qc2 a6 11. b4 Re8 12. O-O Nbd7 13. Rfe1 Ne4 14. Re2 f5 15.
Bxe4 fxe4 16. Ne1 Qh4 17. h3 g5 18. Qb3 Nf6 19. g3 Qxh3 20. Ng2 Ng4 0-1

[Event "C.to Provinciale SV"]
[Site "Savona ITA"]
[Date "2010.02.12"]
[Round "1"]
[White "Pesce, Gabriele"]
[Black "Atteo, Domenico"]
[Result "1-0"]
[WhiteElo "2168"]
[BlackElo "1798"]
[PlyCount "41"]
[EventDate "2010.02.12"]

1. e4 e6 2. Qe2 b6 3. b3 Bb7 4. Bb2 d6 5. g3 Nf6 6. Bg2 Be7 7. d3 c5 8. f4 O-O
9. Nf3 d5 10. e5 Nfd7 11. O-O Re8 12. Nbd2 Nc6 13. Rae1 Nf8 14. Qd1 Rc8 15. h4
b5 16. Ng5 Bxg5 17. fxg5 Na5 18. Nf3 Qd7 19. Rf2 Re7 20. Nh2 c4 21. d4 1-0

[Event "C.to Provinciale SV"]
[Site "Savona ITA"]
[Date "2010.02.12"]
[Round "1"]
[White "Pesce, Leandro"]
[Black "Carzolio, Luigi"]
[Result "1/2-1/2"]
[WhiteElo "1739"]
[BlackElo "1965"]
[PlyCount "103"]
[EventDate "2010.02.12"]

1. e4 c5 2. Nc3 g6 3. f4 Bg7 4. Nf3 Nc6 5. Bb5 Nd4 6. a4 a6 7. Bc4 e6 8. O-O
Ne7 9. Nxd4 cxd4 10. Ne2 O-O 11. d3 d5 12. exd5 Nxd5 13. Bxd5 Qxd5 14. Bd2 Rd8
15. a5 Rb8 16. Ng3 Bd7 17. Rf2 Rdc8 18. Ne4 Bb5 19. Bb4 Qd7 20. Bd6 Ra8 21. Bb4
Bc6 22. Nd6 Rd8 23. Nc4 Qc7 24. Nb6 Rab8 25. Qg4 Bf6 26. f5 h5 27. Qe2 exf5 28.
Qd2 Kg7 29. Re1 Re8 30. Rfe2 Rxe2 31. Rxe2 Rd8 32. Qe1 f4 33. Be7 Bxe7 34. Rxe7
Qd6 35. Nc4 Qf6 36. Nd2 Qg5 37. Qe5+ Qxe5 38. Rxe5 Kf6 39. Re1 Rd5 40. Re4 Rc5
41. Rxd4 Rxc2 42. Rxf4+ Ke5 43. Rf2 Rc1+ 44. Nf1 f5 45. h4 Kd4 46. Rd2 Bb5 47.
Kf2 Ra1 48. Ng3 Rxa5 49. Ne2+ Ke5 50. g3 Bc6 51. Nf4 Kf6 52. d4 1/2-1/2

[Event "C.to Provinciale SV"]
[Site "Savona ITA"]
[Date "2010.02.12"]
[Round "1"]
[White "Rosa, Lorenzo"]
[Black "Pedemonte, Claudio"]
[Result "1-0"]
[WhiteElo "1446"]
[BlackElo "1842"]
[PlyCount "91"]
[EventDate "2010.02.12"]

1. e4 d5 2. exd5 Qxd5 3. Nf3 Nf6 4. c4 Qa5 5. Nc3 Bf5 6. Qb3 Qb6 7. d3 e6 8.
Be2 Be7 9. Qc2 O-O 10. O-O Na6 11. a3 c6 12. Bg5 Qd8 13. Ne5 Nd7 14. Bxe7 Qxe7
15. Nxd7 Qxd7 16. b4 Qd4 17. Ne4 c5 18. Nxc5 Nxc5 19. bxc5 Qxc5 20. Qb2 Qe7 21.
d4 Rfd8 22. Rfe1 b6 23. Bf3 Rac8 24. Qc3 Qc7 25. Be2 Qf4 26. Red1 Rd7 27. g3
Qc7 28. Rac1 Qb7 29. Re1 Rcd8 30. Bf3 Qc7 31. Rcd1 Rd6 32. h4 h6 33. g4 Bh7 34.
Kh1 Qe7 35. g5 hxg5 36. d5 gxh4 37. Rg1 e5 38. Rg2 Rg6 39. Rh2 f5 40. Re1 e4
41. Qd4 Qxa3 42. Be2 Qe7 43. Bh5 Rg3 44. Qd1 Rg5 45. Bf3 a5 46. Be2 1-0

[Event "C.to Provinciale SV"]
[Site "Savona ITA"]
[Date "2010.02.12"]
[Round "1"]
[White "Tedeschi, Paolo"]
[Black "Agazzi, Marco"]
[Result "1-0"]
[WhiteElo "2093"]
[BlackElo "1771"]
[PlyCount "85"]
[EventDate "2010.02.12"]

1. e4 d5 2. exd5 Qxd5 3. Nc3 Qa5 4. d4 c6 5. Nf3 Bg4 6. Be2 Nd7 7. a3 e6 8. Be3
Bd6 9. O-O Bxf3 10. Bxf3 Ngf6 11. Qd3 O-O-O 12. b4 Qc7 13. h3 a6 14. Ne2 h6 15.
c4 Bh2+ 16. Kh1 Ne5 17. Qc3 Nxf3 18. gxf3 Bd6 19. c5 Be7 20. Bf4 Qd7 21. Bh2
Nd5 22. Qb3 Bf6 23. Rad1 g5 24. a4 Rde8 25. Nc3 Nxc3 26. Qxc3 Qd5 27. b5 Bd8
28. bxa6 bxa6 29. Rb1 Re7 30. Rb8+ Kd7 31. Rfb1 Ke8 32. Rxd8+ Kxd8 33. Rb8+ Kd7
34. Rxh8 Qa2 35. Qb4 e5 36. Qb7+ Ke6 37. Qxc6+ Kf5 38. Qe4+ Kf6 39. Bxe5+ Rxe5
40. Qxe5+ Kg6 41. Qe4+ Kh5 42. Qh7 Qe6 43. Qxh6+ 1-0

[Event "C.to Provinciale SV"]
[Site "Savona ITA"]
[Date "2010.02.13"]
[Round "2"]
[White "Agazzi, Marco"]
[Black "Pedemonte, Claudio"]
[Result "0-1"]
[WhiteElo "1771"]
[BlackElo "1842"]
[PlyCount "138"]
[EventDate "2010.02.12"]

1. Nf3 f5 2. d4 Nf6 3. Bf4 e6 4. e3 b6 5. Bd3 Bb7 6. Nbd2 Be7 7. c3 Ne4 8. Qc2
Nxd2 9. Nxd2 Na6 10. O-O c5 11. Qa4 Nc7 12. Bxc7 Qxc7 13. e4 Qf4 14. Qc2 fxe4
15. Bxe4 Bxe4 16. Qxe4 Qxe4 17. Nxe4 cxd4 18. cxd4 O-O 19. Rac1 Rac8 20. a3 d5
21. Nc3 Bf6 22. Rcd1 Rc4 23. Ne2 Rc2 24. Nf4 Rxb2 25. Nxe6 Rc8 26. Nf4 Ra2 27.
Rd3 Rc4 28. Rfd1 Bxd4 29. Nxd5 Bxf2+ 30. Kh1 Bc5 31. Rf1 Rxa3 32. Nc3 Bd4 33.
Nd5 Bc5 34. Nc3 h6 35. Rd8+ Kh7 36. Nb5 Ra2 37. Rd7 Rcc2 38. Rxa7 Rxg2 39. Rxa2
Rxa2 40. Nc3 Ra3 41. Nb5 Kg6 42. Kg2 Ra2+ 43. Kh3 Rb2 44. Nc7 Bd6 45. Nd5 Rxh2+
46. Kg4 h5+ 47. Kf3 Bc5 48. Nf4+ Kh6 49. Ng2 Rh3+ 50. Ke4 g5 51. Re1 Rg3 52.
Re2 h4 53. Kf5 h3 54. Ne1 Re3 55. Rh2 Rxe1 56. Rxh3+ Kg7 57. Kxg5 Rg1+ 58. Kf5
b5 59. Rb3 b4 60. Ke5 Kf7 61. Kd5 Be7 62. Rf3+ Ke8 63. Rb3 Rc1 64. Kd4 Kd7 65.
Kd5 Rc3 66. Rb2 Kc7 67. Ke6 Bc5 68. Kd5 Kb6 69. Ra2 Kb5 0-1

[Event "C.to Provinciale SV"]
[Site "Savona ITA"]
[Date "2010.02.13"]
[Round "2"]
[White "Badano, Fabio"]
[Black "Pesce, Gabriele"]
[Result "0-1"]
[WhiteElo "1813"]
[BlackElo "2168"]
[PlyCount "140"]
[EventDate "2010.02.12"]

1. e4 c5 2. Nf3 Nc6 3. d4 cxd4 4. Nxd4 e5 5. Nb5 d6 6. N1c3 a6 7. Na3 Be6 8.
Nd5 Bxd5 9. exd5 Nb8 10. c4 Be7 11. Nc2 Bg5 12. Be3 Bxe3 13. Nxe3 Qa5+ 14. Qd2
Qxd2+ 15. Kxd2 g6 16. g4 Nf6 17. Bg2 h5 18. h3 Nbd7 19. b4 a5 20. a3 h4 21.
Rhc1 b6 22. Kd3 Ke7 23. Re1 Kf8 24. Rec1 Kg7 25. Nd1 Rhc8 26. Nc3 e4+ 27. Kd4
Ne5 28. Nxe4 Nxe4 29. Bxe4 axb4 30. f4 b3 31. Rc3 b2 32. Rb1 Nd7 33. Rxb2 Nc5
34. Bc2 Rcb8 35. Rb5 Kf6 36. Re3 Ra5 37. a4 Ra7 38. g5+ Kg7 39. Ra3 Ra5 40. Ra2
Rxb5 41. axb5 Re8 42. Ra3 Re2 43. Rc3 Rf2 44. Ke3 Rh2 45. Kd4 Rg2 46. Be4 Rh2
47. Bc2 Rh1 48. Be4 Rd1+ 49. Bd3 Rg1 50. Be4 f5 51. gxf6+ Kxf6 52. Rf3 Rd1+ 53.
Bd3 g5 54. fxg5+ Kxg5 55. Rf5+ Kg6 56. Rf3+ Kg7 57. Re3 Rg1 58. Be4 Nd7 59. Bf5
Ne5 60. Rxe5 Rd1+ 61. Ke3 Re1+ 62. Kf4 Rxe5 63. Kg4 Kf6 64. Bh7 Re7 65. Bf5
Rg7+ 66. Kf4 Rg3 67. Ke4 Rc3 68. Kd4 Rxc4+ 69. Kxc4 Kxf5 70. Kd4 Kf4 0-1

[Event "C.to Provinciale SV"]
[Site "Savona ITA"]
[Date "2010.02.13"]
[Round "2"]
[White "Bruzzone, Carlo"]
[Black "Pesce, Leandro"]
[Result "1/2-1/2"]
[WhiteElo "1726"]
[BlackElo "1739"]
[PlyCount "62"]
[EventDate "2010.02.12"]

1. c4 Nf6 2. Nc3 e5 3. g3 Bb4 4. Bg2 O-O 5. Nf3 Bxc3 6. bxc3 Nc6 7. O-O d6 8.
d3 Rb8 9. Rb1 Na5 10. Be3 c5 11. h3 Re8 12. Nd2 Qc7 13. f4 exf4 14. Bxf4 Nh5
15. Ne4 Nxf4 16. Rxf4 Qe7 17. g4 Bd7 18. Qd2 Nc6 19. Ng3 Qe3+ 20. Qxe3 Rxe3 21.
Kf2 Re7 22. Bd5 b6 23. Ne4 Ne5 24. Kg3 Rd8 25. Rbf1 Be8 26. Ng5 h6 27. Ne4 Bc6
28. h4 Bxd5 29. cxd5 Rdd7 30. g5 Ng6 31. Rf5 h5 1/2-1/2

[Event "C.to Provinciale SV"]
[Site "Savona ITA"]
[Date "2010.02.13"]
[Round "2"]
[White "Carzolio, Luigi"]
[Black "Rosa, Lorenzo"]
[Result "1-0"]
[WhiteElo "1965"]
[BlackElo "1446"]
[PlyCount "43"]
[EventDate "2010.02.12"]

1. Nf3 d5 2. g3 Bf5 3. Bg2 e6 4. O-O Nd7 5. d3 Bd6 6. Nbd2 Ngf6 7. Qe1 Qe7 8.
e4 dxe4 9. dxe4 Bg4 10. e5 Bc5 11. exf6 Nxf6 12. Ne5 Bf5 13. Bxb7 Rd8 14. Nc6
Qd6 15. Nxd8 Bh3 16. Nb3 Bb6 17. Bf4 Qxd8 18. Rd1 Qe7 19. c4 c6 20. Bd2 Ng4 21.
Bb4 Bxf2+ 22. Rxf2 1-0

[Event "C.to Provinciale SV"]
[Site "Savona ITA"]
[Date "2010.02.13"]
[Round "2"]
[White "Cotugno, Michele"]
[Black "Coqueraut, Jean Dominique"]
[Result "1/2-1/2"]
[WhiteElo "1683"]
[BlackElo "1815"]
[PlyCount "43"]
[EventDate "2010.02.12"]

1. Nf3 d5 2. d4 Nf6 3. e3 c6 4. Be2 Bf5 5. O-O e6 6. Nbd2 Bd6 7. c4 Nbd7 8. b3
e5 9. dxe5 Nxe5 10. Bb2 Nxf3+ 11. Nxf3 dxc4 12. Bxc4 O-O 13. Qc1 Qe7 14. Re1
Be4 15. Be2 Rfd8 16. Rd1 Rd7 17. Nd2 Bd5 18. Bf3 Bxf3 19. Nxf3 Rad8 20. Qc2 Nd5
21. Nd4 g6 22. Nf3 1/2-1/2

[Event "C.to Provinciale SV"]
[Site "Savona ITA"]
[Date "2010.02.13"]
[Round "2"]
[White "Gioseffi, Massimiliano"]
[Black "Mercandelli, Claudio"]
[Result "1-0"]
[WhiteElo "2121"]
[BlackElo "1894"]
[PlyCount "99"]
[EventDate "2010.02.12"]

1. d4 Nf6 2. c4 g6 3. Nc3 Bg7 4. e4 d6 5. Nf3 O-O 6. Be2 e5 7. O-O Nc6 8. d5
Ne7 9. Ne1 Nd7 10. Be3 f5 11. f3 f4 12. Bf2 g5 13. a4 a5 14. Nd3 b6 15. Be1 h5
16. Nf2 Nf6 17. h3 Kh8 18. b4 Neg8 19. Nb5 Nh6 20. bxa5 bxa5 21. c5 Rf7 22. Na3
Bf8 23. Nc4 Rg7 24. Ra3 g4 25. fxg4 hxg4 26. hxg4 Nhxg4 27. Nxg4 Nxg4 28. Rh3+
Kg8 29. Rh4 Qg5 30. Bf3 Be7 31. Bxg4 Bxg4 32. Qd2 Qg6 33. Rh2 Qxe4 34. Nxa5 Bg5
35. Qb4 Qg6 36. cxd6 cxd6 37. Nc4 Be2 38. Rf2 f3 39. Bd2 e4 40. Ne3 Bf4 41. Rh3
Bg3 42. Rxg3 Qxg3 43. Qxe4 Qg6 44. Nf5 Re8 45. Nh6+ Kh7 46. Qh4 Qb1+ 47. Kh2
Rxg2+ 48. Rxg2 fxg2 49. Nf5+ Kg8 50. Qg5+ 1-0

[Event "C.to Provinciale SV"]
[Site "Savona ITA"]
[Date "2010.02.13"]
[Round "2"]
[White "Lupini, Stefano"]
[Black "Damele, Stefano"]
[Result "1/2-1/2"]
[WhiteElo "1936"]
[BlackElo "1945"]
[PlyCount "75"]
[EventDate "2010.02.12"]

1. d4 Nf6 2. c4 e5 3. dxe5 Ng4 4. Bf4 Nc6 5. Nf3 Bb4+ 6. Nbd2 Qe7 7. a3 Ngxe5
8. Nxe5 Nxe5 9. e3 Bxd2+ 10. Qxd2 d6 11. Be2 Be6 12. c5 O-O-O 13. cxd6 Rxd6 14.
Qc3 f6 15. Bxe5 fxe5 16. Qxe5 Rhd8 17. O-O Qd7 18. Bf3 Bg4 19. Bxg4 Qxg4 20. h3
Qd7 21. Rac1 Rd5 22. Qe4 g6 23. Qc4 Kb8 24. Rc2 c6 25. b4 Rd3 26. a4 Qd5 27. b5
Qxc4 28. Rxc4 cxb5 29. axb5 Rb3 30. Rc5 b6 31. Re5 Rc8 32. Rd1 Rbc3 33. Rd7
Rc1+ 34. Kh2 R1c7 35. Red5 Rxd7 36. Rxd7 Rc5 37. Rd8+ Kc7 38. Rh8 1/2-1/2

[Event "C.to Provinciale SV"]
[Site "Savona ITA"]
[Date "2010.02.13"]
[Round "2"]
[White "Nikolajevic, Tihomir"]
[Black "Tedeschi, Paolo"]
[Result "1/2-1/2"]
[WhiteElo "1905"]
[BlackElo "2093"]
[PlyCount "50"]
[EventDate "2010.02.12"]

1. Nf3 Nf6 2. c4 e6 3. g3 b6 4. Bg2 Bb7 5. O-O Be7 6. Nc3 O-O 7. d4 Ne4 8. Qc2
Nxc3 9. Qxc3 c5 10. e3 Be4 11. b3 Bf6 12. Bb2 Qc7 13. Qd2 Qb7 14. Ne1 Bxg2 15.
Nxg2 Nc6 16. Nf4 cxd4 17. exd4 Bg5 18. Qe3 d5 19. Qf3 Bxf4 20. Qxf4 Rac8 21.
Ba3 Rfd8 22. c5 Qa6 23. Bb2 Qe2 24. Ba3 Qa6 25. Bb2 Qe2 1/2-1/2

[Event "C.to Provinciale SV"]
[Site "Savona ITA"]
[Date "2010.02.13"]
[Round "2"]
[White "Restifo, Katiuscia"]
[Black "Ivaldo, Fabrizio"]
[Result "0-1"]
[WhiteElo "1805"]
[BlackElo "1920"]
[PlyCount "46"]
[EventDate "2010.02.12"]

1. e4 e5 2. Nf3 Nc6 3. Bc4 Nf6 4. d3 Be7 5. a3 d6 6. h3 O-O 7. Be3 h6 8. Nc3
Be6 9. Nd5 Qd7 10. Qd2 Nd8 11. Nxe7+ Qxe7 12. Bxe6 Nxe6 13. b4 Nh7 14. O-O f5
15. exf5 Rxf5 16. Qe2 Raf8 17. Kh1 Rxf3 18. gxf3 Qh4 19. Kg2 Nhg5 20. Rh1 Rxf3
21. Kf1 Rxh3 22. Rxh3 Qxh3+ 23. Ke1 Nf3+ 0-1

[Event "C.to Provinciale SV"]
[Site "Savona ITA"]
[Date "2010.02.13"]
[Round "3"]
[White "Christen, Peter Walter"]
[Black "Restifo, Katiuscia"]
[Result "0-1"]
[WhiteElo "1526"]
[BlackElo "1805"]
[PlyCount "74"]
[EventDate "2010.02.12"]

1. e4 c5 2. Na3 d6 3. Bb5+ Bd7 4. d3 Nc6 5. f4 Nf6 6. Nf3 Qc7 7. O-O e5 8. Bxc6
Bxc6 9. fxe5 dxe5 10. Nc4 Bd6 11. Bg5 O-O-O 12. a3 h6 13. Bd2 Bd7 14. Kh1 Bg4
15. Qb1 Nh5 16. b4 f6 17. Be3 b6 18. b5 g5 19. a4 Nf4 20. a5 Kd7 21. axb6 axb6
22. Ra6 Rb8 23. Qb2 h5 24. Rfa1 h4 25. Ra7 Rb7 26. Rxb7 Qxb7 27. Ra6 Bc7 28.
Qa1 h3 29. Bxf4 hxg2+ 30. Kxg2 Bxf3+ 31. Kxf3 gxf4 32. Ra7 Qb8 33. Qa6 Ke6 34.
Rb7 Qg8 35. Rxb6+ Ke7 36. Nxe5 Rh3+ 37. Ke2 Rxh2+ 0-1

[Event "C.to Provinciale SV"]
[Site "Savona ITA"]
[Date "2010.02.13"]
[Round "3"]
[White "Coqueraut, Jean Dominique"]
[Black "Nikolajevic, Tihomir"]
[Result "1-0"]
[WhiteElo "1815"]
[BlackElo "1905"]
[PlyCount "91"]
[EventDate "2010.02.12"]

1. d4 Nf6 2. c4 e6 3. Nc3 Bb4 4. Qc2 c5 5. e3 cxd4 6. exd4 O-O 7. Bd3 Nc6 8.
Nf3 h6 9. O-O Be7 10. a3 b6 11. d5 Na5 12. b4 Nb7 13. Bb2 d6 14. Rac1 e5 15.
Rfe1 Bd7 16. Bf5 Rc8 17. Bxd7 Qxd7 18. Qd3 Qg4 19. Ne4 Nxe4 20. Rxe4 Qf5 21.
Qe2 Bf6 22. h3 Rc7 23. Re1 Rfc8 24. Nd2 Bg5 25. Nf3 Bf6 26. Nd2 Bg5 27. Nf3 a5
28. Nxg5 Qxg5 29. h4 Qf5 30. Bc1 f6 31. f4 Rf8 32. g4 Qc8 33. f5 Kf7 34. Be3
axb4 35. axb4 b5 36. Rc1 bxc4 37. Rcxc4 Qd7 38. Bb6 Rxc4 39. Rxc4 Rc8 40. Qc2
Rxc4 41. Qxc4 Ke8 42. Qc6 Nd8 43. Qa8 Ke7 44. Qb8 Nf7 45. b5 Qxb5 46. Bd8+ 1-0

[Event "C.to Provinciale SV"]
[Site "Savona ITA"]
[Date "2010.02.13"]
[Round "3"]
[White "Damele, Stefano"]
[Black "Petronelli, Adriano"]
[Result "1-0"]
[WhiteElo "1945"]
[BlackElo "1646"]
[PlyCount "127"]
[EventDate "2010.02.12"]

1. d4 Nf6 2. c4 g6 3. Nc3 Bg7 4. e4 d6 5. Nge2 O-O 6. Ng3 Nbd7 7. Be2 c5 8. d5
Nb6 9. O-O Bd7 10. Rb1 Ne8 11. Bd3 e6 12. Bd2 exd5 13. exd5 Qh4 14. b3 Qd4 15.
Qc2 f5 16. Nge2 Qf6 17. Nf4 Nc7 18. Nce2 Qf7 19. Bc3 Be5 20. Qb2 Bxc3 21. Qxc3
a5 22. a3 Bc8 23. b4 axb4 24. axb4 Na4 25. Qc2 cxb4 26. Rxb4 Nc5 27. Nc1 N7a6
28. Rb2 Bd7 29. Rb6 Ba4 30. Qb1 Qd7 31. Nce2 Rfe8 32. Nd4 Rab8 33. Nde6 Re7 34.
h4 Nxd3 35. Qxd3 Nc5 36. Nxc5 dxc5 37. Ne6 Rc8 38. Rfb1 Qe8 39. Rxb7 Bd7 40.
Ng5 Re1+ 41. Rxe1 Qxe1+ 42. Qf1 Qe7 43. Qa1 Qd6 44. Ne6 Qe7 45. Qa7 Rd8 46.
Qxc5 Qxc5 47. Nxc5 Be8 48. Ne6 Rd7 49. Rxd7 Bxd7 50. Nf4 Kf7 51. Kf1 Ke7 52. c5
Bb5+ 53. Ke1 Kd7 54. Kd2 Bc4 55. Kc3 Ba2 56. Kd4 Bb3 57. Ke5 Ke7 58. Ne2 Bc4
59. Nd4 Bf1 60. g3 Bg2 61. d6+ Kd7 62. c6+ Bxc6 63. Nxc6 Kxc6 64. Ke6 1-0

[Event "C.to Provinciale SV"]
[Site "Savona ITA"]
[Date "2010.02.13"]
[Round "3"]
[White "Ivaldo, Fabrizio"]
[Black "Carzolio, Luigi"]
[Result "1/2-1/2"]
[WhiteElo "1920"]
[BlackElo "1965"]
[PlyCount "34"]
[EventDate "2010.02.12"]

1. e4 c5 2. Nf3 g6 3. d4 cxd4 4. Nxd4 Nc6 5. c4 Nf6 6. Nc3 d6 7. Be2 Nxd4 8.
Qxd4 Bg7 9. Be3 O-O 10. Qd2 Be6 11. f3 Qa5 12. O-O Rac8 13. Nd5 Qxd2 14. Bxd2
Bxd5 15. exd5 b5 16. Rac1 bxc4 17. Bxc4 a5 1/2-1/2

[Event "C.to Provinciale SV"]
[Site "Savona ITA"]
[Date "2010.02.13"]
[Round "3"]
[White "Lupini, Stefano"]
[Black "Agazzi, Marco"]
[Result "1-0"]
[WhiteElo "1936"]
[BlackElo "1771"]
[PlyCount "75"]
[EventDate "2010.02.12"]

1. d4 d5 2. c4 e6 3. Nc3 c6 4. Nf3 Nf6 5. Bg5 Be7 6. e3 Nbd7 7. Qc2 dxc4 8.
Bxc4 Nd5 9. Bxe7 Qxe7 10. O-O Nxc3 11. Qxc3 Qf6 12. e4 O-O 13. e5 Qe7 14. Nd2
b5 15. Bd3 Bb7 16. Ne4 Nb6 17. f4 Nd5 18. Qd2 Qb4 19. Qxb4 Nxb4 20. Be2 Nc2 21.
Rac1 Nxd4 22. Bf3 Nxf3+ 23. gxf3 Rab8 24. Nd6 Ba8 25. b4 f6 26. Kf2 fxe5 27.
fxe5 Rf4 28. a3 Rbf8 29. Kg3 g5 30. Ne4 R8f5 31. Nxg5 Rc4 32. Rxc4 bxc4 33. f4
c5 34. Nxe6 cxb4 35. axb4 Rf7 36. Rd1 Rb7 37. Rd8+ Kf7 38. Ng5+ 1-0

[Event "C.to Provinciale SV"]
[Site "Savona ITA"]
[Date "2010.02.13"]
[Round "3"]
[White "Mercandelli, Claudio"]
[Black "Bruzzone, Carlo"]
[Result "1/2-1/2"]
[WhiteElo "1894"]
[BlackElo "1726"]
[PlyCount "105"]
[EventDate "2010.02.12"]

1. Nf3 d5 2. c4 e6 3. g3 Nf6 4. Bg2 Nbd7 5. O-O c6 6. b3 Bd6 7. Bb2 O-O 8. d3
e5 9. Nbd2 d4 10. a3 h6 11. b4 Re8 12. Qc2 Nf8 13. Rad1 Bf5 14. Nh4 Bd7 15. c5
Bc7 16. e4 Qc8 17. Nc4 Bh3 18. Bxh3 Qxh3 19. Nf5 Re6 20. Bc1 Ng6 21. f3 Ne7 22.
Nfd6 Rb8 23. f4 exf4 24. Rxf4 Ng6 25. Rf5 Bxd6 26. Nxd6 b6 27. Rdf1 bxc5 28.
bxc5 h5 29. Bb2 h4 30. Bxd4 hxg3 31. Bxf6 gxf6 32. Qg2 gxh2+ 33. Qxh2 Qxd3 34.
R5f2 Rb3 35. Qh6 Qh3 36. Qxh3 Rxh3 37. Rf3 Rxf3 38. Rxf3 Kg7 39. Rb3 Re5 40.
Rb7 Rxc5 41. Rxf7+ Kh6 42. Rxa7 Ne5 43. Kf2 Kg5 44. a4 Kf4 45. Ke2 Rc2+ 46. Kd1
Ra2 47. Ra8 Ke3 48. Kc1 Kd4 49. a5 Kc5 50. a6 Nc4 51. Nxc4 Kxc4 52. a7 Kc5 53.
Rf8 1/2-1/2